000 00868nas a2200265 4500
001 6290
003 GR-kaGGEEl
005 20220622205358.0
035 _a8995
090 _a6290
100 _a20100513b19722001k y0grey50 ga
101 0 _agre
102 _aCY
106 _ae
110 _ac||| 0|||
200 1 _aΑπογευματινή [εφημερίδα]
_fεκδότης-ιδιοκτήτης Μιχαλάκης Χατζηευθυμίου
207 0 _aΑρ.φυλ.1 (22 Φεβρ.1972) - αρ.φυλ.8913 (27/28 Οκτ.2001)
210 _aΛευκωσία
_d1972 - 2001
310 _aΗ βιβλιοθήκη διαθέτει τα εξής: 1974
606 1 _aΤύπος, Κυπριακός
_923970
607 _aΚύπρος
_xΕφημερίδες
_916682
676 _a079.5645
942 _cCR